Lễ cấp sắc Pựt Nùng
Tác phẩm khái quát về lễ cấp sắc Pựt Nùng, các văn bản hành lễ bằng tiếng Nùng và bản dịch tiếng Việt. Cùng với một số hình ảnh lễ cấp sắc Phựt Nùng được giới thiệu trong tác phẩm....
Na minha lista:
| Autor principal: | |
|---|---|
| Formato: | Livro |
| Idioma: | Undetermined |
| Publicado em: |
Hà Nội
Lao động
2011
|
| Assuntos: | |
| Tags: |
Adicionar Tag
Sem tags, seja o primeiro a adicionar uma tag!
|
| Thư viện lưu trữ: | Trung tâm Học liệu Trường Đại học Cần Thơ |
|---|
| LEADER | 00921nam a2200205Ia 4500 | ||
|---|---|---|---|
| 001 | CTU_172705 | ||
| 008 | 210402s9999 xx 000 0 und d | ||
| 082 | |a 394.269597 | ||
| 082 | |b Y603 | ||
| 100 | |a Nguyễn, Thị Yên | ||
| 245 | 0 | |a Lễ cấp sắc Pựt Nùng | |
| 245 | 0 | |c Nguyễn Thị Yên, Nguyễn Thiên Tứ | |
| 260 | |a Hà Nội | ||
| 260 | |b Lao động | ||
| 260 | |c 2011 | ||
| 520 | |a Tác phẩm khái quát về lễ cấp sắc Pựt Nùng, các văn bản hành lễ bằng tiếng Nùng và bản dịch tiếng Việt. Cùng với một số hình ảnh lễ cấp sắc Phựt Nùng được giới thiệu trong tác phẩm. | ||
| 650 | |a Folk festivals,Lễ hội dân gian | ||
| 650 | |z Vietnam,Việt Nam | ||
| 904 | |i Tuyền,Hải | ||
| 980 | |a Trung tâm Học liệu Trường Đại học Cần Thơ | ||